| 000 -LEADER |
| fixed length control field |
00332nam a2200145Ia 4500 |
| 003 - CONTROL NUMBER IDENTIFIER |
| control field |
OSt |
| 005 - DATE AND TIME OF LATEST TRANSACTION |
| control field |
20260326134646.0 |
| 008 - FIXED-LENGTH DATA ELEMENTS--GENERAL INFORMATION |
| fixed length control field |
260210s9999 xx 000 0 und d |
| 020 ## - INTERNATIONAL STANDARD BOOK NUMBER |
| International Standard Book Number |
9781632409034 |
| 082 ## - DEWEY DECIMAL CLASSIFICATION NUMBER |
| Classification number |
747.2 |
| 100 ## - MAIN ENTRY--PERSONAL NAME |
| Personal name |
Spencer |
| 245 #0 - TITLE STATEMENT |
| Title |
Cultural Anthropology |
| 260 ## - PUBLICATION, DISTRIBUTION, ETC. (IMPRINT) |
| Name of publisher, distributor, etc |
Clanrye International |
| 942 ## - ADDED ENTRY ELEMENTS (KOHA) |
| Item type |
B.PLAN |
| Source of classification or shelving scheme |
|